MARC

LEADER 00000nam0a2200000 4500
001 337529
005 20231102004947.0
035 |a (RuTPU)RU\TPU\book\364017 
090 |a 337529 
100 |a 20171108d1964 km y0rusy50 ca 
101 0 |a rus 
102 |a RU 
105 |a a z 001zy 
200 1 |a Оборудование для комплексной механизации производства стеновой керамики  |f М. И. Роговой, З. Б. Коган, Е. А. Рахмилевич, А. З. Гельтман 
210 |a Москва  |c Машиностроение  |d 1964 
215 |a 204 с.  |c ил. 
320 |a Библиогр.: с. 202 
606 1 |a Керамика в целом  |2 stltpush  |3 (RuTPU)RU\TPU\subj\34758  |9 56633 
610 1 |a стеновая керамика 
610 1 |a оборудование 
610 1 |a механизация 
610 1 |a сушильные вагонетки 
610 1 |a сушка 
610 1 |a сырец 
610 1 |a обжиговые машины 
610 1 |a выгрузка 
610 1 |a кирпичи 
610 1 |a кольцевые печи 
675 |a 666.3  |v 4 
701 1 |a Роговой  |b М. И. 
701 1 |a Коган  |b З. Б. 
701 1 |a Рахмилевич  |b Е. А. 
701 1 |a Гельтман  |b А. З. 
801 1 |a RU  |b 63413507  |c 20171108 
801 2 |a RU  |b 63413507  |c 20201106  |g RCR 
942 |c BK